Loading...
| Literature - American | 0 | 7 | 0 | 0 | 70 | 43 | 79.57 | 2 | 3 | 28.06 | 36.94 |
| Literature - European | 0 | 6 | 1 | 1 | 55 | 98 | 121.83 | 0 | 0 | 7.24 | 20.58 |
| Fine Arts - Painting and Sculpture | 0 | 5 | 1 | 1 | 45 | 67 | 99.40 | 0 | 1 | 9.04 | 22.31 |
| History - American | 0 | 4 | 0 | 1 | 40 | 61 | 98.25 | 0 | 0 | 8.09 | 13.22 |
| Literature - British | 0 | 5 | 2 | 0 | 40 | 68 | 95.80 | 0 | 2 | 15.00 | 26.12 |
| Social Science | 0 | 3 | 0 | 0 | 30 | 62 | 65.33 | 0 | 2 | 10.47 | 17.69 |
| History - European | 0 | 3 | 0 | 3 | 30 | 126 | 130.00 | 0 | 0 | 0.00 | 2.56 |
| Literature - World | 0 | 3 | 1 | 0 | 25 | 100 | 104.00 | 0 | 0 | 5.19 | 12.31 |
| Fine Arts - Classical Music | 0 | 2 | 0 | 1 | 20 | 113 | 115.00 | 0 | 0 | 0.30 | 2.64 |
| Science - Chemistry | 0 | 2 | 0 | 0 | 20 | 118 | 120.00 | 0 | 0 | 0.37 | 2.56 |
| Current Events | 0 | 1 | 0 | 0 | 10 | 13 | 13.00 | 1 | 1 | 29.95 | 26.67 |
| Geography | 0 | 1 | 0 | 0 | 10 | 111 | 111.00 | 0 | 0 | 7.63 | 18.18 |
| Philosophy | 0 | 1 | 0 | 0 | 10 | 90 | 90.00 | 0 | 0 | 2.33 | 4.55 |
| Popular Culture | 0 | 1 | 0 | 0 | 10 | 21 | 21.00 | 1 | 1 | 28.26 | 33.33 |
| Religion | 0 | 1 | 0 | 0 | 10 | 98 | 98.00 | 0 | 1 | 1.60 | 4.55 |
| Science - Biology | 0 | 1 | 0 | 1 | 10 | 114 | 114.00 | 0 | 0 | 0.00 | 0.91 |
| Fine Arts - Other | 0 | 1 | 1 | 0 | 5 | 93 | 93.00 | 0 | 0 | 2.49 | 4.96 |
| Mythology | 0 | 1 | 1 | 0 | 5 | 139 | 139.00 | 0 | 0 | 0.00 | 1.65 |
| History - Other | 0 | 1 | 1 | 0 | 5 | 119 | 119.00 | 0 | 0 | 0.22 | 4.96 |
| History - World | 0 | 1 | 1 | 0 | 5 | 142 | 142.00 | 0 | 0 | 0.00 | 1.65 |
| Science - Physics | 0 | 0 | 0 | 0 | 0 | 0.00 | 0 | 0 | 0.00 | 0.00 |